[Event "EYCC 2024 - G10"]
[Site "?"]
[Date "2024.08.24"]
[Round "3.9"]
[White "Wang, Yi Xuan"]
[Black "Sieczkowska, Hanna"]
[Result "1-0"]
[BlackElo "1461"]
[WhiteElo "1734"]
[LiveChessVersion "1.4.8"]

1. d4 {[%clk 1:30:58]} Nf6 {[%clk 1:30:39]} 2. c4 {[%clk 1:31:19]} e6
{[%clk 1:30:47]} 3. Nc3 {[%clk 1:31:40]} Bb4 {[%clk 1:30:59]} 4. Bd2
{[%clk 1:31:58]} O-O {[%clk 1:30:00]} 5. e3 {[%clk 1:32:23]} c5 {[%clk 1:27:31]}
6. Bd3 {[%clk 1:32:17]} b6 {[%clk 1:26:52]} 7. Nf3 {[%clk 1:30:08]} Bb7
{[%clk 1:27:00]} 8. O-O {[%clk 1:29:05]} cxd4 {[%clk 1:19:05]} 9. exd4
{[%clk 1:28:14]} Bxc3 {[%clk 1:18:23]} 10. Bxc3 {[%clk 1:27:37]} d5
{[%clk 1:18:39]} 11. c5 {[%clk 1:25:28]} Nfd7 {[%clk 1:16:55]} 12. Bc2
{[%clk 1:23:29]} Ba6 {[%clk 1:15:44]} 13. Re1 {[%clk 1:22:45]} Nc6
{[%clk 1:15:31]} 14. b4 {[%clk 1:22:09]} Bc4 {[%clk 1:11:22]} 15. a4
{[%clk 1:20:27]} Qf6 {[%clk 1:10:04]} 16. b5 {[%clk 1:19:10]} Ne7
{[%clk 1:08:46]} 17. c6 Nb8 {[%clk 1:07:41]} 18. Ne5 {[%clk 1:18:54]} Rc8
{[%clk 1:07:13]} 19. Bb4 {[%clk 1:17:52]} Nf5 {[%clk 1:04:21]} 20. Bxf5
{[%clk 1:15:47]} Qxf5 {[%clk 1:04:30]} 21. Bd6 {[%clk 1:15:11]} f6
{[%clk 1:02:02]} 22. c7 {[%clk 1:13:33]} fxe5 {[%clk 0:59:05]} 23. cxb8=Q
{[%clk 1:13:21]} Raxb8 {[%clk 0:59:02]} 24. Bxb8 {[%clk 1:13:10]} Rxb8
{[%clk 0:59:25]} 25. Rxe5 {[%clk 1:13:07]} Qf6 {[%clk 0:59:25]} 26. Qg4
{[%clk 1:12:49]} Re8 {[%clk 0:59:30]} 27. Rae1 {[%clk 1:12:46]} Qf7
{[%clk 0:58:18]} 28. Rxe6 {[%clk 1:11:42]} Rf8 {[%clk 0:58:30]} 29. f3
{[%clk 1:10:18]} Qf4 {[%clk 0:56:35]} 30. Qxf4 {[%clk 1:03:36]} Rxf4
{[%clk 0:56:55]} 31. Re8+ {[%clk 1:01:39]} Kf7 {[%clk 0:55:48]} 32. R8e7+
{[%clk 0:59:50]} Kg6 {[%clk 0:56:02]} 33. R1e6+ {[%clk 0:57:21]} Rf6
{[%clk 0:55:42]} 34. Rxf6+ {[%clk 0:56:32]} Kxf6 {[%clk 0:55:26]} 35. Rxa7
{[%clk 0:56:47]} Kf5 {[%clk 0:55:40]} 36. Rxg7 {[%clk 0:56:42]} Kf4
{[%clk 0:55:56]} 37. Kf2 {[%clk 0:56:49]} h5 {[%clk 0:56:19]} 38. h4
{[%clk 0:56:10]} Kf5 {[%clk 0:54:39]} 39. g4+ {[%clk 0:55:47]} hxg4
{[%clk 0:54:34]} 40. fxg4+ {[%clk 0:56:11]} Ke4 {[%clk 0:54:56]} 41. h5
{[%clk 0:56:19]} Kxd4 {[%clk 0:55:14]} 42. h6 {[%clk 0:56:27]} Kc3
{[%clk 0:55:27]} 43. h7 {[%clk 0:56:51]} d4 {[%clk 0:55:47]} 44. h8=Q
{[%clk 0:57:07]} d3 {[%clk 0:56:07]} 45. Rd7+ {[%clk 0:56:58]} Kc2
{[%clk 0:56:26]} 46. Ke3 {[%clk 0:57:03]} Kb3 {[%clk 0:56:36]} 47. Rxd3+
{[%clk 0:56:59]} Bxd3 {[%clk 0:56:51]} 48. Kxd3 {[%clk 0:57:13]} Ka2
{[%clk 0:56:56]} 49. Kc2 {[%clk 0:56:50]} Ka3 {[%clk 0:57:14]} 50. Qd4
{[%clk 0:57:04]} Ka2 {[%clk 0:57:33]} 1-0